Devine le joueur #1 - Statistiques

Statistiques générales
  • Ce quiz a été pris 95 fois
  • Le résultat moyen est 9 sur 16
Statistiques - réponses
Nationalité Postes Equipes Matchs joués Buts Joueur % Correct
Espagne DD, DC Osasuna - Olympique de Marseille - Chelsea 722 19 Cesar Azpilicueta
78%
Croatie MC Intermilan - Real Madrid - Chelsea 550 29 Matteo Kovacic
76%
France MDC FC Nantes - Real Madrid - Chelsea 869 54 Claude Makélélé
74%
Grèce DC Borussia Dortmund - Arsenal - Olympiakos 569 25 Sokratis
63%
Gabon MC, MDC Olympique de Marseille - Southampton - Wolverhampton 336 17 Mario Lemina
62%
Japon MOC Cerezo Osaka - Borussia Dortmund - Manchester United 523 136 Shinji Kagawa
62%
Maroc BU, AT Girondins de Bordeaux - Arsenal - Crystal Palace 439 98 Marouane Chamakh
59%
Pays-bas DC Feyenoord Rotterdam - Lazio Rome - Intermilan 505 25 Stefan De Vrij
54%
République Démocratique du Congo BU FC Sochaux - Villareal - Beijing Guoan 421 172 Cedric Bakambu
52%
Argentine DC Paris Saint Germain - Manchester United - Olympique de Marseille 518 30 Gabriel Heinze
52%
Hongrie G RB Salzburg - RB Leipzig 457 0 Peter Gulacsi
52%
Brésil MC, MDC Udinese - Naples - Everton 535 17 Allan
49%
Russie AG Zenith Saint Petersbourg - Arsenal - Kaïrat Almaty 693 148 Andrei Archavine
46%
Angleterre MOC Milton Keynes - Tottenham - Everton 397 98 Dele Alli
39%
Espagne DD Osasuna - Atletico Madrid - Sao Paulo FC 683 28 Juanfran
39%
Brésil MDC, MC Gremio - Liverpool - Lazio Rome 637 22 Lucas Leiva
37%
Aucun quiz correspondant
Distribution des résultats
% des personnes avec chaque résultat
Percentile par nombre de réponses
Votre historique - résultats
Vous n’avez pas pris ce quiz